000 00287nam a2200097Ia 4500
008 220204s9999 xx 000 0 und d
082 _a331:631.96(540)
_bIND
245 0 _aSurvey of the living conditions of tea plantation labour in Tripura
260 _aIndia
_bTea Board
_c1962
942 _cBK
999 _c20076
_d20076